000 00420nam a2200181Ia 4500
001 16981
005 20260306170351.0
008 260306t2003||||xx |||||||||||||| ||und||
041 _aESP
082 _a657.42
_bB41
100 _aBellido Sánchez, Pedro Alberto
_eAUT
245 0 _aCostos ABC
260 _c2003
300 _a511 páginas :
_c21 cm.
650 _aGEN
654 _aCCO
942 _cLIB
_dJUS
_fJUS
_2ddc
_n
999 _c16981
_d16981